<?xml version="1.0" encoding="UTF-8"?>
<collection xmlns="http://www.loc.gov/MARC21/slim">
<record>
  <controlfield tag="001">76872</controlfield>
  <controlfield tag="005">20210520140805.0</controlfield>
  <datafield tag="037" ind1=" " ind2=" ">
    <subfield code="a">TESIS-2019-017</subfield>
  </datafield>
  <datafield tag="041" ind1=" " ind2=" ">
    <subfield code="a">eng</subfield>
  </datafield>
  <datafield tag="080" ind1=" " ind2=" ">
    <subfield code="a">53</subfield>
  </datafield>
  <datafield tag="100" ind1="1" ind2=" ">
    <subfield code="a">Ares Asensio, Filiberto</subfield>
  </datafield>
  <datafield tag="245" ind1="0" ind2="0">
    <subfield code="a">Entanglement entropy in homogeneus, fermionic chains: some results and some conjectures</subfield>
  </datafield>
  <datafield tag="260" ind1=" " ind2=" ">
    <subfield code="a">Zaragoza</subfield>
    <subfield code="b">Universidad de Zaragoza, Prensas de la Universidad</subfield>
    <subfield code="c">2018</subfield>
  </datafield>
  <datafield tag="300" ind1=" " ind2=" ">
    <subfield code="a">244</subfield>
  </datafield>
  <datafield tag="490" ind1="0" ind2=" ">
    <subfield code="a">Tesis de la Universidad de Zaragoza</subfield>
    <subfield code="x">2254-7606</subfield>
    <subfield code="v">2018-109</subfield>
  </datafield>
  <datafield tag="500" ind1=" " ind2=" ">
    <subfield code="a">Presentado:  19 10 2018</subfield>
  </datafield>
  <datafield tag="502" ind1=" " ind2=" ">
    <subfield code="a">Tesis-Univ. Zaragoza, Física Teórica, 2018</subfield>
    <subfield code="b">Zaragoza, Universidad de Zaragoza</subfield>
    <subfield code="c">2018</subfield>
  </datafield>
  <datafield tag="506" ind1=" " ind2=" ">
    <subfield code="a">by-nc-nd</subfield>
    <subfield code="b">Creative Commons</subfield>
    <subfield code="c">3.0</subfield>
    <subfield code="u">https://creativecommons.org/licenses/by-nc-nd/3.0/</subfield>
  </datafield>
  <datafield tag="520" ind1=" " ind2=" ">
    <subfield code="a">El objetivo de esta tesis es el estudio de la entropía de entrelazamiento de Rényi en los estados estacionarios de cadenas de fermiones sin spin descritas por un Hamiltoniano cuadrático general con invariancia translacional y posibles acoplos a larga distancia.&lt;br />Nuestra investigación se basa en la relación que existe entre la matriz densidad de los estados estacionarios y la correspondiente matriz de  correlaciones entre dos puntos. Esta propiedad reduce la complejidad de calcular numéricamente la entropía de entrelazamiento y permite expresar esta magnitud en términos del determinante del resolvente de la matriz de correlaciones.&lt;br />Dado que la cadena es invariante translacional, la matriz de correlaciones es una matriz block Toeplitz. En vista de este hecho, la filosofía que seguimos en esta tesis es la de aprovecharnos de las propiedades asintóticas de este tipo de determinantes para investigar la entropía de entrelazamiento de Rényi en el límite termodinámico. Un aspecto interesante es que los resultados conocidos sobre el comportamiento asintótico de los determinantes block Toeplitz no son válidos para algunas de las matrices de correlaciones que consideraremos. Intentando llenar esta laguna, obtenemos algunos resultados originales sobre el comportamiento asintótico de los determinantes de matrices de Toeplitz y block Toeplitz.&lt;br />Estos nuevos resultados combinados con los ya previamente conocidos nos permiten obtener analíticamente el término dominante en la expansión de la entropía de entrelazamiento, tanto para un único intervalo de puntos o &lt;br />sites contiguos de la cadena como para subsistemas formados por varios intervalos disjuntos. En particular, descubrimos que los acoplos de largo alcance dan lugar a nuevas propiedades del comportamiento asintótico de la entropía tales como la aparición de un término logarítmico no universal fuera de los puntos críticos cuando los términos de pairing decaen siguiendo una ley de potencias o un crecimiento sublogarítmico cuando dichos &lt;br />acoplos decaen logarítmicamente. &lt;br />El estudio de la entropía de entrelazamiento a través de los determinantes block Toeplitz también nos ha llevado a descubrir una nueva simetría de la entropía de entrelazamiento bajo transformaciones de Möbius que pueden verse como transformaciones de los acoplos de la teoría. En particular, encontramos que para teorías críticas&lt;br />esta simetría presenta un intrigante paralelismo con las transformaciones conformes en el espacio-tiempo. &lt;br /></subfield>
  </datafield>
  <datafield tag="520" ind1=" " ind2=" ">
    <subfield code="a">&lt;br /></subfield>
  </datafield>
  <datafield tag="521" ind1=" " ind2=" ">
    <subfield code="9">7076</subfield>
    <subfield code="a">Programa de Doctorado en Física</subfield>
  </datafield>
  <datafield tag="653" ind1="1" ind2=" ">
    <subfield code="a">física teórica</subfield>
  </datafield>
  <datafield tag="653" ind1="1" ind2=" ">
    <subfield code="a">teoría cuántica</subfield>
  </datafield>
  <datafield tag="700" ind1=" " ind2=" ">
    <subfield code="a">GARCÍA ESTEVE, JOSÉ</subfield>
    <subfield code="e">dir.</subfield>
  </datafield>
  <datafield tag="700" ind1=" " ind2=" ">
    <subfield code="a">FALCETO BLECUA, FERNANDO</subfield>
    <subfield code="e">dir.</subfield>
  </datafield>
  <datafield tag="710" ind1="2" ind2=" ">
    <subfield code="a">Universidad de Zaragoza</subfield>
    <subfield code="b">Física Teórica</subfield>
  </datafield>
  <datafield tag="830" ind1=" " ind2=" ">
    <subfield code="9">488</subfield>
  </datafield>
  <datafield tag="856" ind1="0" ind2=" ">
    <subfield code="f">tdr@unizar.es</subfield>
  </datafield>
  <datafield tag="856" ind1="4" ind2=" ">
    <subfield code="u">http://zaguan.unizar.es/record/76872/files/TESIS-2019-017.pdf</subfield>
    <subfield code="z">Texto completo (eng)</subfield>
  </datafield>
  <datafield tag="909" ind1="C" ind2="O">
    <subfield code="o">oai:zaguan.unizar.es:76872</subfield>
    <subfield code="p">driver</subfield>
    <subfield code="p">tesis</subfield>
  </datafield>
  <datafield tag="910" ind1="2" ind2=" ">
    <subfield code="a"></subfield>
    <subfield code="b">Física Teórica</subfield>
  </datafield>
  <datafield tag="980" ind1=" " ind2=" ">
    <subfield code="a">TESIS</subfield>
  </datafield>
</record>
</collection>